La civiltà romana : vol.1., brevi cenni storici e letture per i ginnasi inferiori

Saved in:
Bibliographic Details
Main Author: Melchiori, Enrico (Author)
Format: Book
Language:Italian
Published: Lanciano : Carabba Giuseppe, 1934
Textbook Catalogue:EDISCO:  Library Catalog Search Result
Textbook Classification:
Subjects:
Tags: Add Tag
No Tags, Be the first to tag this record!
Added to:2016-04-30
Changed in:2017-10-18

MARC

LEADER 00000aam a22000001 4500
001 00501
003 OSt
005 20171018092610.0
008 160501s1934 it 000 0 ita
040 |c Antonio Parlati - L'Acquila 
041 1 |a ita 
100 1 |a Melchiori, Enrico  |e Author  |9 290 
245 0 0 |a La civiltà romana :   |b vol.1., brevi cenni storici e letture per i ginnasi inferiori /  |c Enrico Melchiori 
260 |a Lanciano :  |b Carabba Giuseppe,  |c 1934 
300 |a 278 p. : ill., 1/x ;   |c in 16° 
510 3 |a 8 
650 4 |a Storia  |9 54 
655 |a Manuale  |9 9 
690 4 |a Secondaria inferiore  |9 97 
901 |a 1 
942 |2 ddc  |c BK 
546 |a ita 
999 |c 491  |d 491 
999 |c edisco:491  |d 491